000
00287nam a2200121Ia 4500
005
20251222152612.0
008
251222s9999||||xx |||||||||||||| ||spa||
020
_a
8476983433
082
_a
346.46/A36/V.I/Ejm.2
100
_a
Albaladejo, Manuel
245
0
_a
Derecho Civil
942
_c
LIB
999
_c
27008
_d
27008